| 000 | 00646nam a2200205Ia 4500 | ||
|---|---|---|---|
| 003 | GCL | ||
| 008 | 140319s9999 xx 000 0 ara d | ||
| 040 |
_aGCL / _cGCL |
||
| 082 | 0 | 4 |
_a620 _bش ر |
| 100 | 1 | _aشميدت، اوتو | |
| 245 | 1 | 0 |
_aالرسم الهندسى / _cشميدت، اوتو |
| 260 |
_aالقاهرة : _bلجنة الاعلام والدراسات المستقبلية ، _c1977 |
||
| 300 |
_a235 ص ؛ _c24 سم |
||
| 490 |
_aالاسس التكنولوجية _v0 |
||
| 650 | 0 | 4 | _aالهندسة |
| 650 | 0 | 4 | _aالعلم |
| 650 | 0 | 4 | _aالتكنولوجيا |
| 650 | 0 | 4 | _aالرسم الهندسى |
| 942 |
_2ddc _cBK |
||
| 999 |
_c53276 _d53276 |
||